Surface Segregation (Record no. 584365)

MARC details
000 -LEADER
fixed length control field 00446nam a2200181 a 4500
008 - FIXED-LENGTH DATA ELEMENTS--GENERAL INFORMATION
fixed length control field 250829s1988##################000#0#eng##
020 ## - INTERNATIONAL STANDARD BOOK NUMBER
ISBN 9783908044062
Paper back/Hardbound pbk
041 ## - LANGUAGE CODE
Language code of text/sound track or separate title eng
082 04 - DEWEY DECIMAL CLASSIFICATION NUMBER
Classification number 531.7
Item number DU
100 ## - MAIN ENTRY--AUTHOR NAME
Personal name Du Plessis,j.
245 10 - TITLE STATEMENT
Title Surface Segregation
Statement of responsibility, etc J. Du Plessis
250 ## - EDITION STATEMENT
Edition statement 1st
260 ## - PUBLICATION, DISTRIBUTION, ETC. (IMPRINT)
Year of publication 1990
Place of publication Brookfield
Name of publisher Sci-tech Publ.
300 ## - PHYSICAL DESCRIPTION
Number of Pages 125 pages
650 #0 - SUBJECT ADDED ENTRY--TOPICAL TERM
Topical Term Crystals.
942 ## - ADDED ENTRY ELEMENTS (KOHA)
Koha item type English Books
Holdings
Withdrawn status Lost status Damaged status Not for loan Home library Current library Shelving location Date acquired Full call number Accession Number Price effective from Koha item type
        Anna Centenary Library Anna Centenary Library 5TH FLOOR, A WING 29.08.2025 531.7 DU 387939 29.08.2025 English Books

Find us on the map